000 00558nam a22001937a 4500
005 20260415102057.0
008 260415b |||||||| |||| 00| 0 eng d
020 _a978-81-19403-49-3
050 _aKNS 1730 .B37 2024
100 _aBAROWALIA, DR. J N
245 _aCOMMENTARY ON THE RIGHT TO INFORMATION ACT.
250 _a6TH
260 _aINDIA,
_bLEXISNEXIS,
_c2024.
300 _aLXVIII, 1822 P,
500 _aINCLUDES INDEX.
650 _aFREEDOM OF INFORMATION- LAW AND LEGISLATION- INDIA
700 _aBAROWALIA, ABHISHEK.
942 _2lcc
_cBK
999 _c216962
_d216962